| 000 | 00512nam a22001697a 4500 | ||
|---|---|---|---|
| 005 | 20251108172305.0 | ||
| 008 | 250721s1989 xx 000 0 ara d | ||
| 082 | 1 | 4 | _a614.852/بها |
| 100 | 1 | _aمعروف، بهاء الدين | |
| 245 | 1 | 0 | _aالوقاية من الإشعاعات المؤنية / |
| 264 | 1 |
_aبغداد : _bمنظمة الذرية العراقية، _c1989. |
|
| 300 | _a408ص | ||
| 650 | 1 | 7 | _aالإشعاع |
| 650 | 1 | 7 | _aالأمن الصناعي |
| 942 |
_2ddc _cBK |
||
| 999 |
_c75291 _d75291 |
||